000
00295nam a22001217a 4500
040
_c
SK
082
_a
639
100
_a
ព្រំ ដន
245
_a
Noninfectious disease; ជំងឺមិនឆ្លងសត្វ
260
_a
RUA
_b
ព្រំ
_c
2011
300
_a
78p.
942
_c
KB
999
_c
10199
_d
10199